[Event "Skakliga 2007-08"]
[Site "Denmark"]
[Date "2008.01.13"]
[Round "5.8"]
[White "Molin, Claus"]
[Black "Rendboe, John Filip"]
[Result "1-0"]
[WhiteElo "1973"]
[BlackElo "2251"]
[PlyCount "87"]
[EventDate "2007.11.10"]
[EventType "team-tourn"]
[EventRounds "9"]
[EventCountry "DEN"]
[Source "ChessBase"]
[SourceDate "2003.11.25"]
[WhiteTeam "Helsingor"]
[BlackTeam "Aarhus/Skolerne"]
[WhiteTeamCountry "DEN"]
[BlackTeamCountry "DEN"]

1. d4 d5 2. c4 e6 3. Nc3 Be7 4. Nf3 Nf6 5. Bf4 O-O 6. Rc1 c5 7. dxc5 Bxc5 8. e3
b6 9. cxd5 exd5 10. Bb5 Bg4 11. O-O a6 12. Ba4 Ra7 13. a3 Rb7 14. b4 Be7 15. h3
Bh5 16. Bb3 a5 17. Nxd5 Nxd5 18. Qxd5 Qxd5 19. Bxd5 Ra7 20. Nd4 axb4 21. Bxb8
Rxb8 22. Nc6 Rab7 23. Nxb8 Rxb8 24. axb4 Bxb4 25. g4 Bg6 26. e4 Bc5 27. Ra1 h5
28. Ra8 Rxa8 29. Bxa8 Kf8 30. Kg2 hxg4 31. hxg4 f6 32. Bc6 Ke7 33. Rd1 Bd6 34.
Rb1 Bc7 35. Kf3 Bf7 36. Ke3 g5 37. f3 Bf4+ 38. Kd3 Bc7 39. Rh1 Be6 40. Rh7+ Kd6
41. Bd5 Bd7 42. f4 gxf4 43. g5 Bb5+ 44. Kd4 1-0

[Event "Skakliga 2007-08"]
[Site "Denmark"]
[Date "2008.01.13"]
[Round "5.1"]
[White "Hillarp Persson, Tiger"]
[Black "Rasmussen, Allan Stig"]
[Result "0-1"]
[WhiteElo "2568"]
[BlackElo "2475"]
[PlyCount "96"]
[EventDate "2007.11.10"]
[EventType "team-tourn"]
[EventRounds "9"]
[EventCountry "DEN"]
[Source "ChessBase"]
[SourceDate "2003.11.25"]
[WhiteTeam "Bronshoj"]
[BlackTeam "Jetsmark"]
[WhiteTeamCountry "DEN"]
[BlackTeamCountry "DEN"]

1. e4 c5 2. Nf3 e6 3. d4 cxd4 4. Nxd4 Nc6 5. Nc3 Qc7 6. Be3 a6 7. Qd2 Nf6 8.
O-O-O Bb4 9. f3 Ne5 10. Nb3 b5 11. Kb1 Nc4 12. Bxc4 bxc4 13. Nc1 Rb8 14. N1e2
O-O 15. Bf4 e5 16. Bg5 Ne8 17. h4 Qa5 18. Ka1 Nc7 19. Qc1 Bb7 20. Rxd7 Bc6 21.
Rdd1 Nb5 22. Nb1 c3 23. b3 Na3 24. Ng3 f6 25. Be3 Be8 26. Rd5 Rb5 27. Bb6 Qxb6
28. Nxa3 Rxd5 29. exd5 Qf2 30. Ne4 Qxg2 31. Nc4 Qxf3 32. Re1 Bg6 33. Qe3 Qxe3
34. Rxe3 f5 35. a3 f4 36. Re1 Be7 37. Nxe5 Bxh4 38. Nxg6 Bxe1 39. Nxf8 Kxf8 40.
Kb1 f3 41. Kc1 f2 42. Ng3 h5 43. Kd1 h4 44. Nf1 Bd2 45. Ke2 Bf4 46. Kxf2 Ke7
47. Kf3 g5 48. Ne3 Bxe3 0-1

[Event "Skakliga 2007-08"]
[Site "Denmark"]
[Date "2008.01.13"]
[Round "5.2"]
[White "Glud, Jakob Vang"]
[Black "Pilgaard, Kim"]
[Result "0-1"]
[WhiteElo "2468"]
[BlackElo "2453"]
[PlyCount "126"]
[EventDate "2007.11.10"]
[EventType "team-tourn"]
[EventRounds "9"]
[EventCountry "DEN"]
[Source "ChessBase"]
[SourceDate "2003.11.25"]
[WhiteTeam "Jetsmark"]
[BlackTeam "Bronshoj"]
[WhiteTeamCountry "DEN"]
[BlackTeamCountry "DEN"]

1. c4 e6 2. g3 d5 3. Bg2 Nf6 4. Nf3 a6 5. b3 c5 6. cxd5 Nxd5 7. Bb2 b5 8. O-O
Bb7 9. a4 Nd7 10. Nc3 Nxc3 11. dxc3 Nb6 12. Qxd8+ Kxd8 13. Ng5 Bxg2 14. Kxg2
Ke8 15. axb5 axb5 16. Rxa8+ Nxa8 17. Ra1 Nc7 18. Ra7 Bd6 19. Ne4 Kd7 20. Ba3 b4
21. cxb4 cxb4 22. Nxd6 bxa3 23. Nb5 Rc8 24. Nxa3 Rb8 25. Nc4 f6 26. Na5 Kc8 27.
e4 Rb6 28. Nc4 Rxb3 29. e5 f5 30. h4 Kd7 31. h5 h6 32. Nd6 Rc3 33. Rb7 Rc5 34.
f4 Ra5 35. Kh3 Kc6 36. Rb1 Ra8 37. Rc1+ Kd7 38. Rb1 Kc6 39. Rd1 Nd5 40. Rc1+
Kd7 41. Rd1 Kc6 42. Rd3 Ra7 43. Rb3 Ra8 44. Kg2 Ra2+ 45. Kf3 Ra8 46. Nc4 Kc7
47. Rd3 Ra6 48. Nd6 Kc6 49. Rb3 Ra8 50. Nc4 Kc7 51. Rd3 Ra6 52. Ne3 Ne7 53. Nc2
Nc6 54. Nd4 Nxd4+ 55. Rxd4 Ra3+ 56. Kg2 Rc3 57. Kh3 Rc6 58. g4 Rc3+ 59. Kh4 Rc1
60. gxf5 exf5 61. e6 Re1 62. Rd7+ Kc6 63. Rxg7 Rh1+ 0-1

[Event "Skakliga 2007-08"]
[Site "Denmark"]
[Date "2008.01.13"]
[Round "5.3"]
[White "Hoi, Carsten"]
[Black "Pedersen, Christian Kyndel"]
[Result "1-0"]
[WhiteElo "2409"]
[BlackElo "2406"]
[PlyCount "77"]
[EventDate "2007.11.10"]
[EventType "team-tourn"]
[EventRounds "9"]
[EventCountry "DEN"]
[Source "ChessBase"]
[SourceDate "2003.11.25"]
[WhiteTeam "Bronshoj"]
[BlackTeam "Jetsmark"]
[WhiteTeamCountry "DEN"]
[BlackTeamCountry "DEN"]

1. d4 Nf6 2. c4 g6 3. Nc3 Bg7 4. e4 d6 5. f3 O-O 6. Be3 c5 7. Nge2 Qa5 8. Qd2
Nc6 9. d5 Ne5 10. Ng3 a6 11. h3 h5 12. f4 Ned7 13. Bd3 b5 14. O-O bxc4 15. Bc2
Rb8 16. Rab1 Re8 17. e5 dxe5 18. f5 Nf8 19. fxg6 fxg6 20. Nge4 Nxe4 21. Bxe4
Rb6 22. Bg5 Nh7 23. Bh4 Bd7 24. Qf2 Bf5 25. Bxf5 Rf8 26. Be6+ Rxe6 27. Qg3 Rd6
28. Bxe7 Rxf1+ 29. Rxf1 Rd7 30. d6 Qb6 31. Qf3 Rxd6 32. Qf7+ Kh8 33. Qe8+ Nf8
34. Bxf8 Rd8 35. Bxg7+ Kxg7 36. Qxe5+ Kh6 37. Rf7 Qd6 38. Qg7+ Kg5 39. Ne4+ 1-0

[Event "Skakliga 2007-08"]
[Site "Denmark"]
[Date "2008.01.13"]
[Round "5.4"]
[White "Christensen, Stefan"]
[Black "Bromann, Thorbjorn"]
[Result "1/2-1/2"]
[WhiteElo "2308"]
[BlackElo "2430"]
[PlyCount "97"]
[EventDate "2007.11.10"]
[EventType "team-tourn"]
[EventRounds "9"]
[EventCountry "DEN"]
[Source "ChessBase"]
[SourceDate "2003.11.25"]
[WhiteTeam "Jetsmark"]
[BlackTeam "Bronshoj"]
[WhiteTeamCountry "DEN"]
[BlackTeamCountry "DEN"]

1. e4 g6 2. d4 Bg7 3. Nc3 d6 4. Be3 a6 5. f4 b5 6. Bd3 Nd7 7. Nf3 c5 8. dxc5
Nxc5 9. Bxc5 dxc5 10. e5 Ra7 11. Be4 Qa5 12. Bc6+ Bd7 13. Bxd7+ Rxd7 14. Qe2
Qb4 15. O-O Qxb2 16. Ne4 Nh6 17. a4 Nf5 18. Nxc5 Nd4 19. Nxd4 Qxd4+ 20. Qf2
Qxf2+ 21. Rxf2 Rd4 22. axb5 axb5 23. c3 Rd5 24. Ra8+ Rd8 25. Rxd8+ Kxd8 26. Rb2
Kc7 27. Rxb5 g5 28. g3 gxf4 29. gxf4 Kc6 30. c4 Rd8 31. Nb3 Kc7 32. Na5 Rd4 33.
Rb7+ Kc8 34. Rxe7 Rxf4 35. Kg2 Rf5 36. Nc6 Bf8 37. Re8+ Kd7 38. Rxf8 Kxc6 39.
Rc8+ Kb6 40. Re8 Kc5 41. Rc8+ Kd4 42. Rc7 h5 43. Kg3 Rxe5 44. Rxf7 Kxc4 45. Rd7
Rd5 46. Rh7 Rf5 47. Kh4 Kd5 48. Rxh5 Ke6 49. Rxf5 1/2-1/2

[Event "Skakliga 2007-08"]
[Site "Denmark"]
[Date "2008.01.13"]
[Round "5.5"]
[White "Brinck Claussen, Bjorn"]
[Black "Jensen, Bjarke"]
[Result "1-0"]
[WhiteElo "2292"]
[BlackElo "2252"]
[PlyCount "57"]
[EventDate "2007.11.10"]
[EventType "team-tourn"]
[EventRounds "9"]
[EventCountry "DEN"]
[Source "ChessBase"]
[SourceDate "2003.11.25"]
[WhiteTeam "Bronshoj"]
[BlackTeam "Jetsmark"]
[WhiteTeamCountry "DEN"]
[BlackTeamCountry "DEN"]

1. e4 c5 2. Nf3 e6 3. d4 cxd4 4. Nxd4 a6 5. Bd3 Nc6 6. Nxc6 bxc6 7. O-O d5 8.
Qe2 Bb7 9. b3 Nf6 10. Nd2 Bb4 11. e5 Bc3 12. Rb1 Nd7 13. f4 c5 14. Nf3 Qa5 15.
a3 g6 16. Kh1 Bc6 17. Qf2 Rc8 18. Ng5 Bb5 19. Qh4 Bxd3 20. cxd3 Qd8 21. Qh6 Qe7
22. Be3 Qf8 23. Qh3 h6 24. Nxe6 fxe6 25. Qxe6+ Kd8 26. Qxd5 Ke8 27. Rfc1 Ba5
28. b4 Bd8 29. bxc5 1-0

[Event "Skakliga 2007-08"]
[Site "Denmark"]
[Date "2008.01.13"]
[Round "5.6"]
[White "Rathlev, Jakob"]
[Black "Carstensen, Jacob"]
[Result "1-0"]
[WhiteElo "2160"]
[BlackElo "2300"]
[PlyCount "103"]
[EventDate "2007.11.10"]
[EventType "team-tourn"]
[EventRounds "9"]
[EventCountry "DEN"]
[Source "ChessBase"]
[SourceDate "2003.11.25"]
[WhiteTeam "Jetsmark"]
[BlackTeam "Bronshoj"]
[WhiteTeamCountry "DEN"]
[BlackTeamCountry "DEN"]

1. c4 Nf6 2. g3 c6 3. Bg2 d5 4. Nf3 dxc4 5. Na3 Be6 6. Qc2 g6 7. Nxc4 Bg7 8.
O-O O-O 9. Rd1 Na6 10. a3 Nc5 11. b4 Nce4 12. Bb2 Rc8 13. d3 Nd6 14. e4 Nfe8
15. Bxg7 Nxg7 16. Ne3 a5 17. bxa5 Qxa5 18. a4 Ra8 19. d4 Rfc8 20. Ne5 f6 21.
N5c4 Nxc4 22. Nxc4 Qc7 23. a5 Bxc4 24. Qxc4+ Kh8 25. Qc5 Ne6 26. Qb4 Rd8 27. d5
c5 28. Qc3 Ng5 29. f4 Nf7 30. Re1 b5 31. axb6 Qxb6 32. e5 Rxa1 33. Qxa1 Kg7 34.
d6 fxe5 35. dxe7 Re8 36. fxe5 Qe6 37. Bh3 Qxe7 38. e6+ Kh6 39. exf7 Qxe1+ 40.
Qxe1 Rxe1+ 41. Kf2 Kg7 42. f8=B+ Kxf8 43. Kxe1 Ke7 44. Ke2 Kd6 45. Ke3 Ke5 46.
Bf1 h5 47. Bb5 g5 48. Be8 h4 49. Kf3 c4 50. Kg4 Kf6 51. Bb5 c3 52. Bd3 1-0

[Event "Skakliga 2007-08"]
[Site "Denmark"]
[Date "2008.01.13"]
[Round "5.7"]
[White "Palm, Nikolaj"]
[Black "Rasmussen, Henning Lau"]
[Result "1/2-1/2"]
[WhiteElo "2260"]
[BlackElo "2104"]
[PlyCount "82"]
[EventDate "2007.11.10"]
[EventType "team-tourn"]
[EventRounds "9"]
[EventCountry "DEN"]
[Source "ChessBase"]
[SourceDate "2003.11.25"]
[WhiteTeam "Bronshoj"]
[BlackTeam "Jetsmark"]
[WhiteTeamCountry "DEN"]
[BlackTeamCountry "DEN"]

1. d4 d5 2. Nf3 Nf6 3. c4 c6 4. cxd5 cxd5 5. Nc3 e6 6. Bg5 Be7 7. e3 Nc6 8. Bd3
a6 9. O-O b5 10. Rc1 Bb7 11. Nxb5 axb5 12. Bxb5 Qb6 13. Qb3 Rc8 14. Ne5 Nd7 15.
Bxe7 Kxe7 16. Bxc6 Qxb3 17. axb3 Nxe5 18. Bxb7 Rxc1 19. Rxc1 Rb8 20. dxe5 Rxb7
21. Rc3 f6 22. exf6+ Kxf6 23. Kf1 g5 24. Ke2 Ke5 25. f3 h5 26. Kd3 Rb4 27. g3
g4 28. f4+ Kf5 29. Ke2 Rb7 30. Rd3 Rb8 31. Kd2 Rb5 32. Rc3 Rb6 33. Ke2 Ke4 34.
Rd3 Kf5 35. Kd2 Rb5 36. Rc3 Rb6 37. Kd3 Rb5 38. Kd2 Rb6 39. Ke2 Ke4 40. Rd3 Kf5
41. Kf2 Rb8 1/2-1/2

[Event "Skakliga 2007-08"]
[Site "Denmark"]
[Date "2008.01.13"]
[Round "5.8"]
[White "Nielsen, Jan"]
[Black "Aabling Thomsen, Jakob"]
[Result "0-1"]
[WhiteElo "2070"]
[BlackElo "2269"]
[PlyCount "56"]
[EventDate "2007.11.10"]
[EventType "team-tourn"]
[EventRounds "9"]
[EventCountry "DEN"]
[Source "ChessBase"]
[SourceDate "2003.11.25"]
[WhiteTeam "Jetsmark"]
[BlackTeam "Bronshoj"]
[WhiteTeamCountry "DEN"]
[BlackTeamCountry "DEN"]

1. e4 g6 2. d4 Bg7 3. Be3 d6 4. Nc3 a6 5. Be2 Nd7 6. Qd2 b5 7. f4 Bb7 8. a3 Rc8
9. Nf3 c5 10. O-O Ngf6 11. Ng5 cxd4 12. Bxd4 O-O 13. Bf3 e5 14. Be3 exf4 15.
Bxf4 Ne5 16. Bxe5 dxe5 17. Qxd8 Rfxd8 18. Rad1 Rd4 19. Rfe1 b4 20. axb4 Rxb4
21. Rb1 Bf8 22. Nd5 Nxd5 23. exd5 Rxc2 24. Rxe5 f6 25. Re8 fxg5 26. d6 Rd2 27.
Rf1 Bxf3 28. Rxf3 Rf4 0-1

[Event "Skakliga 2007-08"]
[Site "Denmark"]
[Date "2008.01.13"]
[Round "5.1"]
[White "Lund, Silas"]
[Black "Teplyi, Igor"]
[Result "1/2-1/2"]
[WhiteElo "2401"]
[BlackElo "2233"]
[PlyCount "59"]
[EventDate "2007.11.10"]
[EventType "team-tourn"]
[EventRounds "9"]
[EventCountry "DEN"]
[Source "ChessBase"]
[SourceDate "2003.11.25"]
[WhiteTeam "K41"]
[BlackTeam "Nordre"]
[WhiteTeamCountry "DEN"]
[BlackTeamCountry "DEN"]

1. d4 d5 2. c4 e6 3. Nc3 Bb4 4. e3 Nf6 5. Bd3 O-O 6. Nf3 c5 7. O-O Nc6 8. a3
Bxc3 9. bxc3 dxc4 10. Bxc4 Qc7 11. Ba2 b6 12. Qe2 e5 13. h3 e4 14. Nh2 Na5 15.
Ng4 Nxg4 16. hxg4 Qd7 17. f3 Bb7 18. d5 Rfe8 19. c4 Ba6 20. Qc2 Nb7 21. Bb2 f6
22. fxe4 Qxg4 23. Rf4 Qd7 24. Rh4 Re5 25. Bxe5 fxe5 26. Bb3 Nd6 27. a4 Rf8 28.
a5 b5 29. cxb5 Qxb5 30. Kh2 1/2-1/2

[Event "Skakliga 2007-08"]
[Site "Denmark"]
[Date "2008.01.13"]
[Round "5.2"]
[White "Wiwe, Andreas"]
[Black "Ost Hansen, Jacob"]
[Result "1/2-1/2"]
[WhiteElo "2169"]
[BlackElo "2415"]
[PlyCount "88"]
[EventDate "2007.11.10"]
[EventType "team-tourn"]
[EventRounds "9"]
[EventCountry "DEN"]
[Source "ChessBase"]
[SourceDate "2003.11.25"]
[WhiteTeam "Nordre"]
[BlackTeam "K41"]
[WhiteTeamCountry "DEN"]
[BlackTeamCountry "DEN"]

1. e4 c5 2. Nf3 e6 3. d4 cxd4 4. Nxd4 Nc6 5. Nc3 a6 6. Nxc6 bxc6 7. Bd3 d5 8.
O-O Nf6 9. Re1 Be7 10. e5 Nd7 11. Qg4 Kf8 12. Na4 Qa5 13. Bg5 Bxg5 14. Qxg5 c5
15. b3 c4 16. Bf1 Bb7 17. Qe3 Rc8 18. Nb2 Qb6 19. bxc4 Qxe3 20. Rxe3 d4 21.
Ree1 g5 22. Rad1 Rc5 23. Rxd4 Nxe5 24. Nd3 Nxd3 25. cxd3 Ke7 26. Rg4 h5 27. Rg3
Rd8 28. Rge3 Kf6 29. Rb1 Rd7 30. Re2 Bc6 31. Reb2 Ke5 32. Rb6 a5 33. f3 Kd4 34.
Kf2 h4 35. Ke2 Rc7 36. Kd2 Re5 37. Rb8 h3 38. Rd8+ Rd7 39. Rxd7+ Bxd7 40. gxh3
Bc6 41. Rb8 Rf5 42. Rd8+ Kc5 43. Rc8 Kd6 44. d4 Kd7 1/2-1/2

[Event "Skakliga 2007-08"]
[Site "Denmark"]
[Date "2008.01.13"]
[Round "5.3"]
[White "Greger, Roland Reinhard"]
[Black "Petersen, Tom Petri"]
[Result "1/2-1/2"]
[WhiteElo "2359"]
[BlackElo "2286"]
[PlyCount "69"]
[EventDate "2007.11.10"]
[EventType "team-tourn"]
[EventRounds "9"]
[EventCountry "DEN"]
[Source "ChessBase"]
[SourceDate "2003.11.25"]
[WhiteTeam "K41"]
[BlackTeam "Nordre"]
[WhiteTeamCountry "DEN"]
[BlackTeamCountry "DEN"]

1. e4 g6 2. d4 Bg7 3. Nc3 c6 4. Nf3 d6 5. h3 Nf6 6. Bg5 O-O 7. a4 a5 8. Be2 Qc7
9. O-O e5 10. dxe5 dxe5 11. Bc4 Na6 12. Kh2 Nc5 13. Qe2 Ne6 14. Bxe6 Bxe6 15.
Rad1 Rfd8 16. Qe3 Rd7 17. g3 Re8 18. Bh6 Rxd1 19. Bxg7 Kxg7 20. Rxd1 h6 21. b3
Nd7 22. Nh4 Qb6 23. Ng2 Qxe3 24. Nxe3 Nc5 25. g4 Kf6 26. Kg3 Ke7 27. h4 f6 28.
f3 Rd8 29. Rxd8 Kxd8 30. h5 gxh5 31. gxh5 Ke7 32. Ng4 Bxg4 33. Kxg4 Ke6 34. f4
Na6 35. Nd1 1/2-1/2

[Event "Skakliga 2007-08"]
[Site "Denmark"]
[Date "2008.01.13"]
[Round "5.4"]
[White "Baekgaard, Martin"]
[Black "Semcesen, Daniel"]
[Result "1-0"]
[WhiteElo "2231"]
[BlackElo "2293"]
[PlyCount "75"]
[EventDate "2007.11.10"]
[EventType "team-tourn"]
[EventRounds "9"]
[EventCountry "DEN"]
[Source "ChessBase"]
[SourceDate "2003.11.25"]
[WhiteTeam "Nordre"]
[BlackTeam "K41"]
[WhiteTeamCountry "DEN"]
[BlackTeamCountry "DEN"]

1. c4 b6 2. Nc3 Bb7 3. e4 e6 4. g3 f5 5. Bg2 Nf6 6. d3 Bb4 7. Nge2 O-O 8. O-O
fxe4 9. dxe4 Ng4 10. Na4 Na6 11. f3 Ne5 12. Qc2 Qe7 13. a3 Bc5+ 14. Kh1 d5 15.
cxd5 exd5 16. b4 Bd6 17. f4 Nc4 18. Qd3 b5 19. exd5 bxa4 20. Qxc4 Qf6 21. Ra2
Rae8 22. Bb2 Qg6 23. Nd4 Re4 24. Qb5 Bc8 25. Ne6 Bxe6 26. dxe6 Qxe6 27. Raa1
Nb8 28. f5 Qb3 29. Bxg7 Kxg7 30. Bxe4 Rf6 31. Bd5 a6 32. Qb7 Qd3 33. Rad1 Qb5
34. Qc8 Rf8 35. f6+ Kh8 36. Qg4 Qd7 37. Be6 Qc6+ 38. Rd5 1-0

[Event "Skakliga 2007-08"]
[Site "Denmark"]
[Date "2008.01.13"]
[Round "5.5"]
[White "Olesen, Martin"]
[Black "Hoiberg, Nina"]
[Result "1/2-1/2"]
[WhiteElo "2295"]
[BlackElo "2183"]
[PlyCount "116"]
[EventDate "2007.11.10"]
[EventType "team-tourn"]
[EventRounds "9"]
[EventCountry "DEN"]
[Source "ChessBase"]
[SourceDate "2003.11.25"]
[WhiteTeam "K41"]
[BlackTeam "Nordre"]
[WhiteTeamCountry "DEN"]
[BlackTeamCountry "DEN"]

1. e4 e5 2. Nf3 Nc6 3. d4 exd4 4. Nxd4 Bc5 5. Nxc6 Qf6 6. Qd2 Qxc6 7. Nc3 Bb4
8. Bd3 Ne7 9. O-O O-O 10. Nd5 Nxd5 11. exd5 Bxd2 12. dxc6 Bxc1 13. cxb7 Bxb7
14. Raxc1 Rfe8 15. Rfe1 Kf8 16. f3 Bd5 17. a3 a5 18. Kf2 Reb8 19. b3 Be6 20.
Re5 d6 21. Rb5 Rxb5 22. Bxb5 Rb8 23. a4 Rb6 24. Re1 c6 25. Bd3 g6 26. h4 d5 27.
h5 Kg7 28. hxg6 hxg6 29. Ke3 Rb4 30. Kd2 Kf6 31. Rh1 Bd7 32. Rh8 c5 33. Ra8 c4
34. c3 Rxb3 35. Bc2 Ra3 36. Rxa5 d4 37. cxd4 c3+ 38. Ke3 Ra2 39. Kd3 Bf5+ 40.
Rxf5+ gxf5 41. Kxc3 f4 42. Kb3 Ra1 43. Kb2 Rh1 44. Be4 Rh5 45. Kc3 Ke6 46. Bb7
Kd6 47. Kc4 Rh2 48. a5 Rxg2 49. a6 Ra2 50. d5 Kc7 51. Kd4 Kd6 52. Ke4 Ra4+ 53.
Kf5 f6 54. Kxf6 Ra3 55. Kf5 Rxf3 56. Ke4 Ra3 57. Kxf4 Rxa6 58. Bxa6 Kxd5
1/2-1/2

[Event "Skakliga 2007-08"]
[Site "Denmark"]
[Date "2008.01.13"]
[Round "5.6"]
[White "Veng, Johny"]
[Black "Naes, Flovin Tor"]
[Result "1-0"]
[WhiteElo "2171"]
[BlackElo "2243"]
[PlyCount "81"]
[EventDate "2007.11.10"]
[EventType "team-tourn"]
[EventRounds "9"]
[EventCountry "DEN"]
[Source "ChessBase"]
[SourceDate "2003.11.25"]
[WhiteTeam "Nordre"]
[BlackTeam "K41"]
[WhiteTeamCountry "DEN"]
[BlackTeamCountry "DEN"]

1. e4 c5 2. Nf3 d6 3. d4 cxd4 4. Qxd4 Nc6 5. Bb5 Bd7 6. Bxc6 Bxc6 7. Nc3 Nf6 8.
Bg5 e6 9. O-O-O Be7 10. Kb1 Qa5 11. Rhe1 O-O 12. Qd2 Qc5 13. Nd4 Rac8 14. f4 h6
15. h4 hxg5 16. hxg5 Nh5 17. Nb3 Qc4 18. Rh1 Ng3 19. Rh3 Bxe4 20. Rxg3 Bg6 21.
Rh1 f6 22. gxf6 Rxf6 23. Nd4 e5 24. Nde2 exf4 25. Rgh3 Kf7 26. b3 Qc6 27. Nxf4
Bf5 28. Rg3 Rh6 29. Rxh6 gxh6 30. Nfd5 Bg5 31. Qf2 Qd7 32. Rxg5 hxg5 33. g4 Rh8
34. gxf5 Qe8 35. Qxa7 Qc8 36. Ne4 Rh1+ 37. Kb2 Qh8+ 38. f6 Ke6 39. Qxb7 g4 40.
Ndc3 Kf5 41. Ng3+ 1-0

[Event "Skakliga 2007-08"]
[Site "Denmark"]
[Date "2008.01.13"]
[Round "5.7"]
[White "Laursen, Niels Norskov"]
[Black "Danstrup, Niels"]
[Result "1-0"]
[WhiteElo "2170"]
[BlackElo "2097"]
[PlyCount "87"]
[EventDate "2007.11.10"]
[EventType "team-tourn"]
[EventRounds "9"]
[EventCountry "DEN"]
[Source "ChessBase"]
[SourceDate "2003.11.25"]
[WhiteTeam "K41"]
[BlackTeam "Nordre"]
[WhiteTeamCountry "DEN"]
[BlackTeamCountry "DEN"]

1. e4 d6 2. d4 Nf6 3. Nc3 g6 4. f4 Bg7 5. Bd3 O-O 6. Nf3 Bg4 7. h3 Bxf3 8. Qxf3
e5 9. dxe5 dxe5 10. f5 Nc6 11. Be3 Nd4 12. Qf2 c6 13. g4 Nd7 14. O-O b5 15.
Rad1 Qc7 16. Nb1 b4 17. Qd2 c5 18. b3 Rad8 19. c3 Nc6 20. Qf2 Nf6 21. Qg2 Rfe8
22. Bg5 Rd6 23. Bxf6 Bxf6 24. fxg6 hxg6 25. g5 Bg7 26. Bc4 Nd8 27. Bd5 Ne6 28.
c4 Nf4 29. Qg4 Qe7 30. h4 Qd7 31. Bxf7+ Kxf7 32. Qxd7+ Rxd7 33. Rxd7+ Re7 34.
Rd8 Ke6 35. Rf3 Ne2+ 36. Kg2 Nf4+ 37. Kg3 Rf7 38. Kg4 Bf8 39. Nd2 Bd6 40. Nf1
Rh7 41. Ne3 Rb7 42. Nd5 Rh7 43. Nxf4+ exf4 44. Rd3 1-0

[Event "Skakliga 2007-08"]
[Site "Denmark"]
[Date "2008.01.13"]
[Round "5.1"]
[White "Pedersen, Steffen"]
[Black "Kulaots, Kaido"]
[Result "1/2-1/2"]
[WhiteElo "2452"]
[BlackElo "2547"]
[PlyCount "60"]
[EventDate "2007.11.10"]
[EventType "team-tourn"]
[EventRounds "9"]
[EventCountry "DEN"]
[Source "ChessBase"]
[SourceDate "2003.11.25"]
[WhiteTeam "Sydostfyn"]
[BlackTeam "Aalborg"]
[WhiteTeamCountry "DEN"]
[BlackTeamCountry "DEN"]

1. d4 Nf6 2. c4 e6 3. Nf3 d5 4. Nc3 dxc4 5. e4 Bb4 6. Bg5 c5 7. e5 cxd4 8. Nxd4
Qa5 9. exf6 Bxc3+ 10. bxc3 Qxg5 11. fxg7 Qxg7 12. Qd2 O-O 13. Bxc4 Rd8 14. Qe3
Bd7 15. O-O Nc6 16. Nf3 Rac8 17. Rad1 Be8 18. Be2 Qf6 19. c4 b6 20. c5 bxc5 21.
Ba6 Rxd1 22. Rxd1 Rd8 23. Rxd8 Qxd8 24. Qxc5 Qd1+ 25. Bf1 f6 26. Qc3 e5 27.
Qc4+ Kh8 28. Qe6 Qd8 29. Bb5 Qd1+ 30. Bf1 Qd8 1/2-1/2

[Event "Skakliga 2007-08"]
[Site "Denmark"]
[Date "2008.01.13"]
[Round "5.2"]
[White "Pedersen, Nicolai Vesterbaek"]
[Black "Borbjerggaard, Lars"]
[Result "1/2-1/2"]
[WhiteElo "2454"]
[BlackElo "2376"]
[PlyCount "41"]
[EventDate "2007.11.10"]
[EventType "team-tourn"]
[EventRounds "9"]
[EventCountry "DEN"]
[Source "ChessBase"]
[SourceDate "2003.11.25"]
[WhiteTeam "Aalborg"]
[BlackTeam "Sydostfyn"]
[WhiteTeamCountry "DEN"]
[BlackTeamCountry "DEN"]

1. e4 d5 2. exd5 Nf6 3. Nf3 Nxd5 4. d4 g6 5. c4 Nb6 6. c5 Nd5 7. Bc4 Bg7 8. Qb3
c6 9. Nc3 O-O 10. O-O Nxc3 11. bxc3 b5 12. Bd3 Be6 13. Qc2 Nd7 14. a4 a6 15.
Re1 Bd5 16. Bg5 Re8 17. axb5 axb5 18. Nd2 Nf6 19. Rxa8 Qxa8 20. Nf1 e5 21. Be3
1/2-1/2

[Event "Skakliga 2007-08"]
[Site "Denmark"]
[Date "2008.01.13"]
[Round "5.3"]
[White "Sorensen, Torben N"]
[Black "Luch, Michal"]
[Result "1/2-1/2"]
[WhiteElo "2387"]
[BlackElo "2389"]
[PlyCount "99"]
[EventDate "2007.11.10"]
[EventType "team-tourn"]
[EventRounds "9"]
[EventCountry "DEN"]
[Source "ChessBase"]
[SourceDate "2003.11.25"]
[WhiteTeam "Sydostfyn"]
[BlackTeam "Aalborg"]
[WhiteTeamCountry "DEN"]
[BlackTeamCountry "DEN"]

1. f4 g6 2. Nf3 Bg7 3. e4 c5 4. Nc3 Nc6 5. Bc4 e6 6. f5 Nge7 7. fxe6 fxe6 8. d3
d5 9. Bb3 Nd4 10. O-O Nxb3 11. axb3 O-O 12. exd5 exd5 13. Bg5 Rf7 14. Qe2 Qd6
15. Nb5 Qb6 16. Bxe7 Qxb5 17. Ng5 Bg4 18. Qxg4 Rxe7 19. Rae1 Qe8 20. Qh4 h6 21.
Nf3 g5 22. Qg3 Rd8 23. h4 gxh4 24. Nxh4 Rdd7 25. Nf5 Rxe1 26. Rxe1 Qh5 27. Nxg7
Rxg7 28. Qe5 Qxe5 29. Rxe5 Rg5 30. Re8+ Kh7 31. Ra8 a6 32. Rb8 Rg7 33. Rd8 d4
34. b4 Rc7 35. bxc5 Rxc5 36. Rxd4 Rxc2 37. Rd7+ Kg6 38. Rxb7 Rd2 39. Rd7 Rxb2
40. Rd6+ Kg5 41. Rxa6 Rd2 42. Rd6 h5 43. Kh2 h4 44. Rd5+ Kg4 45. Rd4+ Kg5 46.
Kh3 Rd1 47. Rd5+ Kf4 48. Rd4+ Kg5 49. Rg4+ Kf5 50. Kxh4 1/2-1/2

[Event "Skakliga 2007-08"]
[Site "Denmark"]
[Date "2008.01.13"]
[Round "5.4"]
[White "Pedersen, Daniel V"]
[Black "Nordenbaek, Jan"]
[Result "1-0"]
[WhiteElo "2235"]
[BlackElo "2223"]
[PlyCount "54"]
[EventDate "2007.11.10"]
[EventType "team-tourn"]
[EventRounds "9"]
[EventCountry "DEN"]
[Source "ChessBase"]
[SourceDate "2003.11.25"]
[WhiteTeam "Aalborg"]
[BlackTeam "Sydostfyn"]
[WhiteTeamCountry "DEN"]
[BlackTeamCountry "DEN"]

1. e4 c5 2. c3 d5 3. exd5 Qxd5 4. d4 Nc6 5. Nf3 Bg4 6. dxc5 Qxd1+ 7. Kxd1
O-O-O+ 8. Nbd2 e5 9. b4 e4 10. h3 Bxf3+ 11. gxf3 exf3 12. Kc2 Ne5 13. Nc4 f6
14. Bf4 Ng6 15. Nd6+ Bxd6 16. Bxd6 Nh6 17. Bc4 Rhe8 18. Rae1 Ne5 19. Bxe5 fxe5
20. Re4 b6 21. cxb6 Nf5 22. bxa7 Kc7 23. Rhe1 Nd6 24. Rxe5 Rxe5 25. Rxe5 Nxc4
26. Rc5+ Kb7 27. Rxc4 Kxa7 1-0

[Event "Skakliga 2007-08"]
[Site "Denmark"]
[Date "2008.01.13"]
[Round "5.5"]
[White "Rath, Ulrik"]
[Black "Nielsen, Steffen Slumstrup"]
[Result "1/2-1/2"]
[WhiteElo "2316"]
[BlackElo "2226"]
[PlyCount "43"]
[EventDate "2007.11.10"]
[EventType "team-tourn"]
[EventRounds "9"]
[EventCountry "DEN"]
[Source "ChessBase"]
[SourceDate "2003.11.25"]
[WhiteTeam "Sydostfyn"]
[BlackTeam "Aalborg"]
[WhiteTeamCountry "DEN"]
[BlackTeamCountry "DEN"]

1. d4 Nf6 2. c4 g6 3. Nc3 Bg7 4. Nf3 O-O 5. Bg5 d6 6. e3 c5 7. Be2 h6 8. Bh4
Bf5 9. O-O Nc6 10. d5 Nb4 11. a3 Na6 12. Nd2 Qb6 13. e4 Bd7 14. Qc2 Rfe8 15.
Rfe1 Nc7 16. f3 a6 17. Bf2 Qa7 18. b4 b6 19. Rab1 Nh5 20. Bf1 e6 21. Kh1 Rac8
22. bxc5 1/2-1/2